Borders of Given Countries - Statistics

General Stats
  • This quiz has been taken 42 times
  • The average score is 30 of 32
Answer Stats
Hint Answer % Correct
Bangladesh
100%
Bolivia Brazil
100%
Indonesia Malaysia
100%
Nepal
100%
India Pakistan
100%
China
97%
China
97%
Myanmar
97%
Kazakhstan Russia
97%
Argentina
95%
Chile
95%
Algeria Libya
95%
Mali
95%
Paraguay
95%
Peru
95%
Tunisia
95%
East Timor
92%
Honduras
92%
Kyrgyzstan
92%
Morocco
92%
Turkmenistan
92%
Uzbekistan
92%
Belize
90%
Bhutan
90%
El Salvador
90%
Mauritania
90%
Niger
90%
Papua New Guinea
90%
Guatemala Mexico
87%
Malawi Zambia
87%
Tanzania
82%
Mozambique
79%
No matching quizzes found
Score Distribution
Percent of People with Each Score
Percentile by Number Answered
Your Score History
You have not taken this quiz